[Event "18. Open de Sants Hostafrancs 2016"]
[Site "Barcelona ESP"]
[Date "2016.08.25"]
[Round "7.46"]
[White "Jakubowska, Anna"]
[Black "Valdes Romero, Leonardo"]
[Result "0-1"]
[WhiteElo "2198"]
[BlackElo "2386"]
[PlyCount "79"]
[EventDate "2016.08.19"]
[EventType "swiss"]
[EventRounds "10"]
[EventCountry "ESP"]
[SourceTitle "Ajedrez en Madrid"]
[Source "lmi"]
[SourceDate "2016.08.19"]

1. e4 d6 2. d4 Nf6 3. Nc3 g6 4. f4 Bg7 5. Nf3 O-O 6. Be3 b6 7. Qd2 c5 8. d5 Ba6
9. Bxa6 Nxa6 10. h3 b5 11. O-O b4 12. Ne2 c4 13. Ng3 c3 14. bxc3 bxc3 15. Qe2
Qa5 16. Nd4 Qa4 17. Qb5 Qxb5 18. Nxb5 Nb4 19. Bxa7 h5 20. a3 Na6 21. Bd4 h4 22.
Ne2 Nxe4 23. Bxg7 Kxg7 24. Nexc3 Nxc3 25. Nxc3 Rfc8 26. Ne4 Rxc2 27. f5 f6 28.
fxg6 Nc7 29. Rf4 Nxd5 30. Rxh4 Kxg6 31. Rg4+ Kf7 32. Rg3 Nf4 33. Kf1 d5 34. Nf2
Rb8 35. Rf3 Ne6 36. Ng4 Nd4 37. Rf2 Rbb2 38. a4 Re2 39. Rd1 Rxf2+ 40. Nxf2 0-1

[Event "18. Open de Sants Hostafrancs 2016"]
[Site "Barcelona ESP"]
[Date "2016.08.25"]
[Round "7.47"]
[White "Calavalle, Giulio"]
[Black "Konguvel, Ponnuswamy"]
[Result "1-0"]
[WhiteElo "2203"]
[BlackElo "2379"]
[PlyCount "69"]
[EventDate "2016.08.19"]
[EventType "swiss"]
[EventRounds "10"]
[EventCountry "ESP"]
[SourceTitle "Ajedrez en Madrid"]
[Source "lmi"]
[SourceDate "2016.08.19"]

1. e4 c5 2. Nc3 Nc6 3. g3 g6 4. Bg2 Bg7 5. d3 d6 6. Be3 Rb8 7. Qd2 b5 8. Nge2
Nd4 9. O-O h5 10. Nd1 h4 11. c3 Nxe2+ 12. Qxe2 Be6 13. f4 hxg3 14. hxg3 Qc8 15.
Nf2 Nf6 16. Bf3 b4 17. g4 bxc3 18. bxc3 Qa6 19. Rab1 O-O 20. f5 Bd7 21. Rbc1
Bb5 22. Kg2 Nd7 23. Qd2 Ne5 24. Bh6 d5 25. Rh1 Nxf3 26. Kxf3 dxe4+ 27. Nxe4
Bxd3 28. Bxg7 Bxe4+ 29. Kf2 Bxh1 30. Qh6 Qxa2+ 31. Ke3 f6 32. Rxh1 gxf5 33.
gxf5 Rfd8 34. Qh7+ Kf7 35. Qg6+ 1-0

[Event "18. Open de Sants Hostafrancs 2016"]
[Site "Barcelona ESP"]
[Date "2016.08.25"]
[Round "7.48"]
[White "Povill Claros, Xavier"]
[Black "Guichard, Pauline"]
[Result "0-1"]
[WhiteElo "2194"]
[BlackElo "2353"]
[PlyCount "60"]
[EventDate "2016.08.19"]
[EventType "swiss"]
[EventRounds "10"]
[EventCountry "ESP"]
[SourceTitle "Ajedrez en Madrid"]
[Source "lmi"]
[SourceDate "2016.08.19"]

1. e4 e5 2. Nf3 Nc6 3. d4 exd4 4. Nxd4 g6 5. Be3 Bg7 6. Nxc6 bxc6 7. Bd4 Nf6 8.
e5 Qe7 9. Qe2 Nd5 10. c4 c5 11. cxd5 cxd4 12. d6 cxd6 13. exd6 Qxe2+ 14. Bxe2
d3 15. Bf3 Rb8 16. Nd2 Rxb2 17. Rc1 O-O 18. Nc4 Bh6 19. Rd1 d2+ 20. Kf1 Rxa2
21. Kg1 Re8 22. h4 Re1+ 23. Kh2 Ra4 24. Bd5 Ba6 25. Rhxe1 dxe1=Q 26. Rxe1 Bxc4
27. Re4 Bb5 28. Re7 Rxh4+ 29. Kg3 Rf4 30. Re8+ Kg7 0-1

[Event "18. Open de Sants Hostafrancs 2016"]
[Site "Barcelona ESP"]
[Date "2016.08.25"]
[Round "7.49"]
[White "Montilla Carrillo, Esteban"]
[Black "Tate, Alan"]
[Result "0-1"]
[WhiteElo "2190"]
[BlackElo "2329"]
[PlyCount "101"]
[EventDate "2016.08.19"]
[EventType "swiss"]
[EventRounds "10"]
[EventCountry "ESP"]
[SourceTitle "Ajedrez en Madrid"]
[Source "lmi"]
[SourceDate "2016.08.19"]

1. d4 d5 2. c4 c6 3. Nf3 Nf6 4. Nc3 e6 5. g3 Nbd7 6. Bg2 dxc4 7. a4 Be7 8. O-O
O-O 9. e4 e5 10. d5 Qc7 11. Qe2 a5 12. Qxc4 Nb6 13. Qb3 Nfd7 14. Rd1 Nc5 15.
Qa2 Bg4 16. h3 Bh5 17. g4 Bg6 18. Be3 Rad8 19. Rac1 Kh8 20. Nh2 f6 21. Nf1 Bf7
22. Ng3 g6 23. b3 Qb8 24. Qa3 Nbd7 25. dxc6 bxc6 26. Rxd7 Rxd7 27. Bxc5 Bxc5
28. Qxc5 Qb4 29. Qxc6 Rd6 30. Qc7 Bxb3 31. Bf1 Rdd8 32. Ba6 Ra8 33. Qc6 Kg7 34.
h4 Ra7 35. h5 Rff7 36. Nb5 Bxa4 37. Rc5 Rxa6 38. Qxa6 Qxc5 39. Nd6 Ra7 40. h6+
Kxh6 41. Ndf5+ Kg5 42. Qe2 Qc1+ 43. Kg2 Bd1 44. Qd3 gxf5 45. exf5 Bxg4 46. Ne4+
Kxf5 47. Nd2+ Ke6 48. Ne4 Qc6 49. f3 Bf5 50. Qb3+ Ke7 51. Qg8 0-1

[Event "18. Open de Sants Hostafrancs 2016"]
[Site "Barcelona ESP"]
[Date "2016.08.25"]
[Round "7.50"]
[White "Meylan, Andre"]
[Black "Cu Hor, Winston Darwin"]
[Result "1/2-1/2"]
[WhiteElo "2175"]
[BlackElo "2318"]
[PlyCount "73"]
[EventDate "2016.08.19"]
[EventType "swiss"]
[EventRounds "10"]
[EventCountry "ESP"]
[SourceTitle "Ajedrez en Madrid"]
[Source "lmi"]
[SourceDate "2016.08.19"]

1. e4 c5 2. Nf3 d6 3. d4 Nf6 4. Nc3 cxd4 5. Nxd4 a6 6. a4 e5 7. Nf3 Qc7 8. Bg5
Nbd7 9. Nd2 h6 10. Be3 b6 11. Nc4 Bb7 12. f3 Be7 13. Qd2 O-O 14. Be2 Rfd8 15.
O-O Bc6 16. Bf2 b5 17. axb5 axb5 18. Ne3 b4 19. Ncd5 Bxd5 20. Nxd5 Nxd5 21.
Rxa8 Rxa8 22. Qxd5 Rc8 23. Ba6 Nf6 24. Qb5 Rb8 25. Qd3 Rd8 26. Bc4 Rc8 27. Bb3
Qa5 28. Rd1 Nd7 29. g3 Bf8 30. Kg2 Nc5 31. Qc4 Rc7 32. Bxc5 Qxc5 33. Qxc5 dxc5
34. Bc4 g6 35. Bd5 Bg7 36. Kf2 Kf8 37. Ke2 1/2-1/2

[Event "18. Open de Sants Hostafrancs 2016"]
[Site "Barcelona ESP"]
[Date "2016.08.25"]
[Round "7.51"]
[White "Latorre, Matias"]
[Black "Jeitz, Christian"]
[Result "1-0"]
[WhiteElo "2318"]
[BlackElo "2173"]
[PlyCount "49"]
[EventDate "2016.08.19"]
[EventType "swiss"]
[EventRounds "10"]
[EventCountry "ESP"]
[SourceTitle "Ajedrez en Madrid"]
[Source "lmi"]
[SourceDate "2016.08.19"]

1. d4 Nf6 2. Bf4 g6 3. Nc3 d5 4. e3 Bg7 5. h4 h5 6. Qd2 a6 7. Nf3 b6 8. O-O-O
Bb7 9. Ne5 Nbd7 10. f3 b5 11. g4 Nb6 12. Qh2 Rc8 13. Bh3 Nfd7 14. gxh5 Rxh5 15.
Bg4 Rh7 16. Qg3 Kf8 17. h5 gxh5 18. Rxh5 Rxh5 19. Bxh5 e6 20. Nxf7 Qf6 21. Bg5
Qf5 22. Nh6 Bxh6 23. Bxh6+ Ke7 24. Bg6 Rg8 25. Bg5+ 1-0

[Event "18. Open de Sants Hostafrancs 2016"]
[Site "Barcelona ESP"]
[Date "2016.08.25"]
[Round "7.52"]
[White "Aliaga Fernandez, Ingrid Y"]
[Black "Frischmann, Rick"]
[Result "0-1"]
[WhiteElo "2119"]
[BlackElo "2312"]
[PlyCount "68"]
[EventDate "2016.08.19"]
[EventType "swiss"]
[EventRounds "10"]
[EventCountry "ESP"]
[SourceTitle "Ajedrez en Madrid"]
[Source "lmi"]
[SourceDate "2016.08.19"]

1. e4 e5 2. Nf3 Nc6 3. d4 exd4 4. Nxd4 Nf6 5. Nxc6 bxc6 6. e5 Qe7 7. Qe2 Nd5 8.
c4 Nb6 9. b3 a5 10. Ba3 Qe6 11. Bxf8 Kxf8 12. Nd2 a4 13. Rc1 axb3 14. axb3 Bb7
15. f4 c5 16. Qe3 d6 17. Kf2 Nd7 18. Ne4 Ra2+ 19. Be2 Nxe5 20. fxe5 Qf5+ 21.
Ke1 Qxe4 22. Qxe4 Bxe4 23. exd6 cxd6 24. Kf2 Ke7 25. Rhe1 f5 26. g4 g6 27. gxf5
gxf5 28. Rg1 Kf6 29. Rcd1 Ke5 30. Rg7 Rb8 31. Re7+ Kf4 32. Rxd6 Rxb3 33. Ke1
Rbb2 34. Bf1 Rxh2 0-1

[Event "18. Open de Sants Hostafrancs 2016"]
[Site "Barcelona ESP"]
[Date "2016.08.26"]
[Round "8.1"]
[White "Cori, Jorge"]
[Black "Moussard, Jules"]
[Result "1-0"]
[WhiteElo "2601"]
[BlackElo "2539"]
[PlyCount "105"]
[EventDate "2016.08.19"]
[EventType "swiss"]
[EventRounds "10"]
[EventCountry "ESP"]
[SourceTitle "Ajedrez en Madrid"]
[Source "lmi"]
[SourceDate "2016.08.19"]

1. d4 d6 2. Nc3 g6 3. e4 Bg7 4. Be3 a6 5. Qd2 Nd7 6. h4 Ngf6 7. f3 h5 8. Nh3 b5
9. Ng5 Bb7 10. a4 b4 11. Ne2 Rb8 12. Nf4 e5 13. Bc4 d5 14. dxe5 dxc4 15. exf6
c3 16. bxc3 Qxf6 17. Rd1 Qxc3 18. Qxc3 Bxc3+ 19. Kf2 Rd8 20. Nd5 Bxd5 21. Rxd5
c6 22. Rd6 Ne5 23. Rhd1 Rxd6 24. Rxd6 O-O 25. Bc5 Rc8 26. f4 Nc4 27. Rd7 Na3
28. Nxf7 Nxc2 29. Nh6+ Kh8 30. Nf7+ Kg8 31. e5 Bd4+ 32. Bxd4 Nxd4 33. Rxd4 Kxf7
34. Rxb4 c5 35. Rb6 c4 36. Ke2 c3 37. Kd1 a5 38. Rb7+ Ke6 39. Rb6+ Kf7 40. Rf6+
Kg7 41. Ra6 c2+ 42. Kc1 Rc5 43. Ra7+ Kg8 44. g3 Kf8 45. e6 Rc3 46. Rxa5 Rxg3
47. Ra7 Rc3 48. a5 Rc6 49. e7+ Kf7 50. a6 Ke8 51. Ra8+ Kxe7 52. a7 Rc7 53. Rh8
1-0

[Event "18. Open de Sants Hostafrancs 2016"]
[Site "Barcelona ESP"]
[Date "2016.08.26"]
[Round "8.2"]
[White "Delorme, Axel"]
[Black "Ma, Qun"]
[Result "1/2-1/2"]
[WhiteElo "2500"]
[BlackElo "2621"]
[PlyCount "53"]
[EventDate "2016.08.19"]
[EventType "swiss"]
[EventRounds "10"]
[EventCountry "ESP"]
[SourceTitle "Ajedrez en Madrid"]
[Source "lmi"]
[SourceDate "2016.08.19"]

1. d4 d5 2. c4 c6 3. Nf3 Nf6 4. g3 dxc4 5. Bg2 b5 6. Ne5 Bb7 7. O-O e6 8. a4 a6
9. axb5 axb5 10. Rxa8 Bxa8 11. Nc3 Nbd7 12. Nxc6 Qb6 13. d5 Bc5 14. b4 cxb3 15.
Qxb3 O-O 16. Qxb5 exd5 17. Qxb6 Nxb6 18. Na7 d4 19. Ncb5 Bxg2 20. Kxg2 Re8 21.
Bb2 Rxe2 22. Bxd4 Bxd4 23. Nxd4 Ra2 24. Nab5 Nbd5 25. Re1 h5 26. Re2 Rxe2 27.
Nxe2 1/2-1/2

[Event "18. Open de Sants Hostafrancs 2016"]
[Site "Barcelona ESP"]
[Date "2016.08.26"]
[Round "8.3"]
[White "Zeng, Chongsheng"]
[Black "Wan, Yunguo"]
[Result "1/2-1/2"]
[WhiteElo "2538"]
[BlackElo "2458"]
[PlyCount "28"]
[EventDate "2016.08.19"]
[EventType "swiss"]
[EventRounds "10"]
[EventCountry "ESP"]
[SourceTitle "Ajedrez en Madrid"]
[Source "lmi"]
[SourceDate "2016.08.19"]

1. e4 e5 2. Nf3 Nc6 3. Bb5 a6 4. Ba4 Nf6 5. O-O Be7 6. Re1 b5 7. Bb3 d6 8. c3
O-O 9. d4 Bg4 10. Be3 exd4 11. cxd4 Na5 12. Bc2 Nc4 13. Bc1 c5 14. Nbd2 Nxd2
1/2-1/2

[Event "18. Open de Sants Hostafrancs 2016"]
[Site "Barcelona ESP"]
[Date "2016.08.26"]
[Round "8.4"]
[White "Reshef, Omer"]
[Black "Cruz, Cristhian"]
[Result "1/2-1/2"]
[WhiteElo "2420"]
[BlackElo "2533"]
[PlyCount "109"]
[EventDate "2016.08.19"]
[EventType "swiss"]
[EventRounds "10"]
[EventCountry "ESP"]
[SourceTitle "Ajedrez en Madrid"]
[Source "lmi"]
[SourceDate "2016.08.19"]

1. e4 c5 2. Nf3 e6 3. g3 Nc6 4. Bg2 d5 5. exd5 exd5 6. d4 Bg4 7. O-O cxd4 8. c3
Nf6 9. cxd4 Be7 10. h3 Bxf3 11. Bxf3 O-O 12. Nc3 Qd7 13. Bg2 h6 14. Be3 Rac8
15. Qf3 Rfd8 16. Rad1 Na5 17. Rfe1 Nc4 18. Bc1 Bb4 19. Re2 Rc6 20. b3 Nb6 21.
Bb2 Rdc8 22. Nb5 Ra8 23. a3 Bf8 24. Nc3 Rac8 25. Nb5 Ra8 26. Qd3 Nc8 27. Nc3
Ne7 28. Rde1 Rac8 29. Na4 b6 30. Nc3 Ng6 31. Nb1 Ne4 32. Nd2 Nxd2 33. Rxd2 Re6
34. Rxe6 Qxe6 35. Re2 Qd7 36. h4 Ne7 37. Kh2 Rc7 38. Bh3 Qd8 39. Rc2 Rxc2 40.
Qxc2 h5 41. Bc1 g6 42. Bf4 Bg7 43. Qd3 Nc6 44. Be3 a5 45. Bg2 Qd6 46. a4 Bf6
47. Bf4 Qe6 48. Qb5 Ne7 49. Be3 Kg7 50. Bh3 Qd6 51. Bf4 Qc6 52. Qd3 Nc8 53. Qb5
Ne7 54. Qd3 Nc8 55. Qb5 1/2-1/2

[Event "18. Open de Sants Hostafrancs 2016"]
[Site "Barcelona ESP"]
[Date "2016.08.26"]
[Round "8.5"]
[White "Bachmann, Axel"]
[Black "Movsziszian, Karen"]
[Result "1-0"]
[WhiteElo "2656"]
[BlackElo "2495"]
[PlyCount "27"]
[EventDate "2016.08.19"]
[EventType "swiss"]
[EventRounds "10"]
[EventCountry "ESP"]
[SourceTitle "Ajedrez en Madrid"]
[Source "lmi"]
[SourceDate "2016.08.19"]

1. e4 d6 2. d4 Nf6 3. Nc3 Nbd7 4. Nf3 e5 5. Bc4 Be7 6. O-O O-O 7. Re1 a6 8. a4
b6 9. Ne2 Bb7 10. Ng3 h6 11. dxe5 dxe5 12. Nh4 Re8 13. Qf3 Bf8 14. Qb3 1-0

[Event "18. Open de Sants Hostafrancs 2016"]
[Site "Barcelona ESP"]
[Date "2016.08.26"]
[Round "8.6"]
[White "Sandipan, Chanda"]
[Black "Timofeev, Artyom"]
[Result "1/2-1/2"]
[WhiteElo "2572"]
[BlackElo "2596"]
[PlyCount "34"]
[EventDate "2016.08.19"]
[EventType "swiss"]
[EventRounds "10"]
[EventCountry "ESP"]
[SourceTitle "Ajedrez en Madrid"]
[Source "lmi"]
[SourceDate "2016.08.19"]

1. d4 d5 2. Nf3 e6 3. Bf4 Nf6 4. e3 c5 5. c3 Nc6 6. Nbd2 Bd6 7. Bg3 O-O 8. Bb5
Be7 9. dxc5 Bxc5 10. O-O Bd6 11. c4 Bxg3 12. hxg3 Bd7 13. cxd5 Nxd5 14. e4 Nc7
15. Ba4 Qe7 16. e5 Rfd8 17. Qc2 Na6 1/2-1/2

[Event "18. Open de Sants Hostafrancs 2016"]
[Site "Barcelona ESP"]
[Date "2016.08.26"]
[Round "8.7"]
[White "Vera Siguenas, Deivy"]
[Black "Gomez Garrido, Camilo Ernesto"]
[Result "1/2-1/2"]
[WhiteElo "2496"]
[BlackElo "2560"]
[PlyCount "143"]
[EventDate "2016.08.19"]
[EventType "swiss"]
[EventRounds "10"]
[EventCountry "ESP"]
[SourceTitle "Ajedrez en Madrid"]
[Source "lmi"]
[SourceDate "2016.08.19"]

1. e4 e5 2. Nf3 Nc6 3. Bb5 a6 4. Ba4 Nf6 5. O-O Be7 6. Re1 b5 7. Bb3 d6 8. c3
O-O 9. h3 Nb8 10. d4 Nbd7 11. Nbd2 Bb7 12. Bc2 Re8 13. Nf1 Bf8 14. Ng3 g6 15.
a4 c5 16. d5 c4 17. Bg5 Nc5 18. Qd2 Be7 19. Be3 Nfd7 20. Nh2 h5 21. Nf3 Bf6 22.
h4 Qe7 23. Ng5 Nb6 24. axb5 axb5 25. Rf1 Rxa1 26. Rxa1 Ra8 27. Qd1 Rxa1 28.
Qxa1 Nba4 29. Qa3 Qd7 30. f3 Bd8 31. Kh2 Bc8 32. Ne2 Qc7 33. f4 Bg4 34. Ng3
exf4 35. Bxf4 Be7 36. Be3 Qd8 37. Bxa4 Nxa4 38. b3 cxb3 39. Qxb3 Qe8 40. Bd4
Nc5 41. Qb1 Bxg5 42. hxg5 h4 43. Nf1 Qxe4 44. Qa2 Nd7 45. Qa8+ Nf8 46. Qd8 Qf4+
47. Kg1 h3 48. Ne3 b4 49. Qf6 Qxf6 50. gxf6 b3 51. c4 Bf5 52. gxh3 Nd7 53. Kf2
Nb6 54. Ke2 Na4 55. Nd1 Bxh3 56. Kd2 Bf1 57. Ne3 b2 58. Bxb2 Nxb2 59. Nxf1
Nxc4+ 60. Kc3 Nb6 61. Ne3 Nd7 62. Ng4 Kf8 63. Kd4 Ke8 64. Ke4 Kd8 65. Kf4 Kc7
66. Kg5 Ne5 67. Nf2 Kd7 68. Ne4 Nc4 69. Kh6 Ne3 70. Kg7 Nxd5 71. Kxf7 g5 72.
Nxg5 1/2-1/2

[Event "18. Open de Sants Hostafrancs 2016"]
[Site "Barcelona ESP"]
[Date "2016.08.26"]
[Round "8.8"]
[White "Baghdasaryan, Vahe"]
[Black "Grigoryan, Karen H"]
[Result "1-0"]
[WhiteElo "2488"]
[BlackElo "2533"]
[PlyCount "93"]
[EventDate "2016.08.19"]
[EventType "swiss"]
[EventRounds "10"]
[EventCountry "ESP"]
[SourceTitle "Ajedrez en Madrid"]
[Source "lmi"]
[SourceDate "2016.08.19"]

1. c4 e5 2. Nc3 Nf6 3. Nf3 d6 4. d4 Nbd7 5. g3 g6 6. Bg2 Bg7 7. O-O O-O 8. b3
Re8 9. e3 c6 10. Ba3 e4 11. Nd2 d5 12. Rc1 Nf8 13. cxd5 cxd5 14. f3 exf3 15.
Qxf3 Be6 16. Kh1 Rc8 17. e4 Bh6 18. Nxd5 Bxd5 19. exd5 Rxc1 20. Bxc1 Kg7 21.
Nc4 Bxc1 22. Rxc1 h5 23. a4 Ne4 24. Qf4 f5 25. Ne5 Nd6 26. h4 Qe7 27. Nc4 Nf7
28. d6 Qd7 29. Ne5 Qxd6 30. Nxf7 Qxf4 31. gxf4 Kxf7 32. Bxb7 Ne6 33. Bd5 Rd8
34. Rc7+ Kf6 35. Bxe6 Kxe6 36. Rxa7 Rxd4 37. a5 Rxf4 38. a6 Rxh4+ 39. Kg2 Kd6
40. Rb7 Rd4 41. b4 Rd2+ 42. Kf1 Rd1+ 43. Ke2 Ra1 44. b5 h4 45. a7 h3 46. Rb6+
Kc7 47. Ra6 1-0

[Event "18. Open de Sants Hostafrancs 2016"]
[Site "Barcelona ESP"]
[Date "2016.08.26"]
[Round "8.9"]
[White "Kunin, Vitaly"]
[Black "Debashis, Das"]
[Result "1/2-1/2"]
[WhiteElo "2592"]
[BlackElo "2459"]
[PlyCount "102"]
[EventDate "2016.08.19"]
[EventType "swiss"]
[EventRounds "10"]
[EventCountry "ESP"]
[SourceTitle "Ajedrez en Madrid"]
[Source "lmi"]
[SourceDate "2016.08.19"]

1. e4 c5 2. g3 Nc6 3. Bg2 g6 4. d3 Bg7 5. f4 d6 6. Nf3 e6 7. O-O Nge7 8. c3 O-O
9. Be3 b6 10. Na3 e5 11. d4 exd4 12. cxd4 Ba6 13. Rf2 Re8 14. Rd2 Qc8 15. Bf2
Nb4 16. dxc5 dxc5 17. e5 h6 18. Nc2 Nbc6 19. Ne3 Rd8 20. Rxd8+ Nxd8 21. Qd6 Bf8
22. Qd2 Ne6 23. Ng4 Bb7 24. Nf6+ Kh8 25. g4 Qd8 26. Qe3 Rb8 27. Bh4 Qc7 28. Rf1
Rd8 29. Ne1 c4 30. Bxb7 Qxb7 31. Qe4 Qxe4 32. Nxe4 Rd4 33. Nd6 Nd5 34. f5 gxf5
35. gxf5 Rxh4 36. fxe6 Rf4 37. exf7 Rxf1+ 38. Kxf1 Kg7 39. Nxc4 Kxf7 40. Ke2
Ke6 41. Nf3 Bc5 42. a4 Nf4+ 43. Kd2 Kd5 44. b3 Ng6 45. Kd3 Nf4+ 46. Kc3 Ne2+
47. Kd2 Nd4 48. Ne3+ Ke4 49. Nxd4 Bxd4 50. Ng4 Bxe5 51. Nxe5 Kxe5 1/2-1/2

[Event "18. Open de Sants Hostafrancs 2016"]
[Site "Barcelona ESP"]
[Date "2016.08.26"]
[Round "8.10"]
[White "Sasikiran, Krishnan"]
[Black "Mu, Ke"]
[Result "1-0"]
[WhiteElo "2658"]
[BlackElo "2419"]
[PlyCount "157"]
[EventDate "2016.08.19"]
[EventType "swiss"]
[EventRounds "10"]
[EventCountry "ESP"]
[SourceTitle "Ajedrez en Madrid"]
[Source "lmi"]
[SourceDate "2016.08.19"]

1. Nf3 Nf6 2. c4 c6 3. d4 d5 4. e3 e6 5. Bd3 dxc4 6. Bxc4 Nbd7 7. O-O Bd6 8.
Re1 b5 9. Bf1 Bb7 10. e4 e5 11. b3 O-O 12. Bb2 Re8 13. Nbd2 a6 14. Qc2 exd4 15.
Nxd4 c5 16. Nf5 Be5 17. a4 g6 18. Ng3 Qb6 19. axb5 axb5 20. Rxa8 Bxa8 21. Bxe5
Nxe5 22. Rc1 Ned7 23. Qd3 Bc6 24. Qe3 Qb8 25. Rd1 Qc7 26. Qg5 Qe5 27. Qxe5 Nxe5
28. Rc1 Ned7 29. f3 Ra8 30. Kf2 Ne8 31. Ne2 Nd6 32. Nf4 Ra2 33. Ke1 f5 34. e5
Nb7 35. Nd3 Bd5 36. b4 c4 37. Nf4 Nb6 38. Nxd5 Nxd5 39. Nxc4 Nxb4 40. Nd6 Nxd6
41. exd6 Kf7 42. Rc7+ Ke6 43. d7 Ra8 44. Bxb5 Rd8 45. Kf2 Nd5 46. Rc8 Ke7 47.
Kg3 Nb6 48. Rc7 Nd5 49. Rc1 Kd6 50. h4 Nc7 51. Ba4 Ne6 52. Re1 Ra8 53. Bb3 f4+
54. Kh3 Nd8 55. Rd1+ Ke7 56. Rd4 Rb8 57. Ba4 Ne6 58. Rc4 Rb1 59. g3 fxg3 60.
Re4 Rb8 61. Kxg3 Kd6 62. Re1 Ke7 63. Re3 Kd6 64. f4 Rd8 65. Bb5 Rb8 66. Re5 Rd8
67. Re4 Rb8 68. Ba4 Ke7 69. h5 Kd6 70. h6 Rd8 71. Bb5 Kd5 72. Re1 Kd6 73. Re3
Nd4 74. Re8 Kc7 75. Rxd8 Kxd8 76. Bd3 Nf5+ 77. Kg4 Kxd7 78. Bxf5+ gxf5+ 79.
Kxf5 1-0

[Event "18. Open de Sants Hostafrancs 2016"]
[Site "Barcelona ESP"]
[Date "2016.08.26"]
[Round "8.11"]
[White "Ortiz Suarez, Isan Reynaldo"]
[Black "Stella, Andrea"]
[Result "1/2-1/2"]
[WhiteElo "2564"]
[BlackElo "2415"]
[PlyCount "156"]
[EventDate "2016.08.19"]
[EventType "swiss"]
[EventRounds "10"]
[EventCountry "ESP"]
[SourceTitle "Ajedrez en Madrid"]
[Source "lmi"]
[SourceDate "2016.08.19"]

1. e4 c5 2. Nf3 e6 3. d4 cxd4 4. Nxd4 Nc6 5. Nc3 Qc7 6. Be3 a6 7. Be2 b5 8. O-O
Bb7 9. a3 Nf6 10. Nxc6 Bxc6 11. Bd3 Be7 12. f4 d5 13. e5 Ne4 14. Bd4 Nxc3 15.
bxc3 g6 16. Qg4 Bd7 17. Kh1 h5 18. Qe2 Bc5 19. Qf2 Rc8 20. h3 h4 21. Rfb1 Kf8
22. Rb3 Bxd4 23. cxd4 Kg7 24. Rab1 Qd8 25. Qe1 Rc6 26. Rc3 Qa5 27. Rxc6 Qxe1+
28. Rxe1 Bxc6 29. Kg1 Rc8 30. Rb1 Bd7 31. Rb3 a5 32. Kf2 a4 33. Rb1 Kf8 34. Kf3
Ke7 35. Kg4 Rh8 36. Rb2 f5+ 37. Kf3 Rb8 38. Rb1 Be8 39. Ke3 Kd8 40. Kd2 Rb7 41.
c3 Kc7 42. g3 hxg3 43. Rg1 Kb6 44. Rxg3 Rh7 45. Bf1 Kc7 46. Ke3 Kb6 47. Rg1 Rc7
48. Kd2 Rh7 49. Rh1 Rh4 50. Ke3 Ka5 51. Rh2 Kb6 52. Kf3 Rh7 53. Bd3 Rc7 54. Rc2
Rh7 55. Kg3 Ka5 56. Be2 Kb6 57. Bd1 Ka5 58. Re2 Kb6 59. Re3 Kc7 60. h4 Kd8 61.
Be2 Ke7 62. Kh3 Kf8 63. Rg3 Ke7 64. Rg1 Kf8 65. Kg3 Rc7 66. Rc1 Kg8 67. Kf2 Rh7
68. Rh1 Kf8 69. Ke3 Rc7 70. Kd2 Rh7 71. Bd1 Ke7 72. Bf3 Kf8 73. Be2 Ke7 74. Ke3
Kf8 75. Kf2 Rc7 76. Rc1 Rh7 77. Kg3 Rc7 78. h5 gxh5 1/2-1/2

[Event "18. Open de Sants Hostafrancs 2016"]
[Site "Barcelona ESP"]
[Date "2016.08.26"]
[Round "8.12"]
[White "Alonso Rosell, Alvar"]
[Black "Ochsner, Bjorn Moller"]
[Result "1/2-1/2"]
[WhiteElo "2524"]
[BlackElo "2417"]
[PlyCount "54"]
[EventDate "2016.08.19"]
[EventType "swiss"]
[EventRounds "10"]
[EventCountry "ESP"]
[SourceTitle "Ajedrez en Madrid"]
[Source "lmi"]
[SourceDate "2016.08.19"]

1. d4 Nf6 2. c4 e6 3. g3 d5 4. Nf3 Be7 5. Bg2 O-O 6. O-O dxc4 7. Qc2 b6 8. Qxc4
Bb7 9. Nc3 Nbd7 10. Rd1 c5 11. Bg5 Rc8 12. Rac1 h6 13. Bxf6 Nxf6 14. dxc5 Qe8
15. Qa4 Qxa4 16. Nxa4 Bc6 17. Nc3 Bxf3 18. Bxf3 Rxc5 19. Ne4 Nxe4 20. Bxe4 Rxc1
21. Rxc1 Bd6 22. Rc6 Rd8 23. Bd3 Kf8 24. Kg2 Ke7 25. f4 Rd7 26. Rc8 Rd8 27.
Rxd8 Kxd8 1/2-1/2

[Event "18. Open de Sants Hostafrancs 2016"]
[Site "Barcelona ESP"]
[Date "2016.08.26"]
[Round "8.13"]
[White "Schroeder, Jan-christian"]
[Black "Gemy, Jose Daniel"]
[Result "1-0"]
[WhiteElo "2523"]
[BlackElo "2384"]
[PlyCount "75"]
[EventDate "2016.08.19"]
[EventType "swiss"]
[EventRounds "10"]
[EventCountry "ESP"]
[SourceTitle "Ajedrez en Madrid"]
[Source "lmi"]
[SourceDate "2016.08.19"]

1. e4 e5 2. Nf3 Nc6 3. Bc4 Bc5 4. c3 Nf6 5. d3 O-O 6. O-O d5 7. exd5 Nxd5 8. a4
a5 9. Nbd2 Nb6 10. Bb5 Bg4 11. h3 Bh5 12. Re1 f6 13. Ne4 Be7 14. Ng3 Bxf3 15.
Qxf3 Na7 16. d4 Nxb5 17. axb5 exd4 18. Nf5 Rf7 19. Bf4 Bf8 20. Nxd4 Qd5 21. Qg3
c6 22. bxc6 bxc6 23. Rad1 Rd7 24. Qg4 h5 25. Qe2 Re7 26. Be3 Nc4 27. Nf5 Qxf5
28. Qxc4+ Qe6 29. Qc5 Rb7 30. Qxh5 Rxb2 31. Bc1 Rb5 32. Qh4 Qb3 33. Qe4 Rc5 34.
Be3 Rxc3 35. Rd2 Qc4 36. Qf5 a4 37. Bh6 a3 38. Qg6 1-0

[Event "18. Open de Sants Hostafrancs 2016"]
[Site "Barcelona ESP"]
[Date "2016.08.26"]
[Round "8.14"]
[White "Brochet, Philippe"]
[Black "Lin, Chen"]
[Result "1-0"]
[WhiteElo "2401"]
[BlackElo "2516"]
[PlyCount "117"]
[EventDate "2016.08.19"]
[EventType "swiss"]
[EventRounds "10"]
[EventCountry "ESP"]
[SourceTitle "Ajedrez en Madrid"]
[Source "lmi"]
[SourceDate "2016.08.19"]

1. d4 Nf6 2. Nf3 g6 3. Bg5 Bg7 4. c3 O-O 5. Nbd2 d6 6. e4 b6 7. Bd3 Bb7 8. a4
a6 9. O-O Nbd7 10. b4 h6 11. Bh4 g5 12. Bg3 Nh5 13. Nc4 e6 14. Ne3 Nxg3 15.
hxg3 a5 16. b5 Qe7 17. d5 Nc5 18. Nd4 Rae8 19. Bb1 exd5 20. Ndf5 Qf6 21. Ng4
Qg6 22. exd5 Ne4 23. f3 Nxc3 24. Nfxh6+ Bxh6 25. Bxg6 Nxd1 26. Nxh6+ Kg7 27.
Bxf7 Ne3 28. Bxe8 Nxf1 29. Kxf1 Bxd5 30. Bf7 Bxf7 31. Nxf7 Rxf7 32. Ke2 Kf6 33.
Kd3 Rh7 34. Rc1 Ke5 35. Ke3 Kd5 36. Rd1+ Ke6 37. g4 Rh2 38. Rd2 Ke5 39. Rc2 d5
40. Rxc7 Rxg2 41. Rg7 d4+ 42. Kd3 Kf4 43. Rf7+ Kg3 44. Kxd4 Ra2 45. Kd5 Rxa4
46. Kc6 Rf4 47. Rf5 Rxf3 48. Rxg5 Rf6+ 49. Kb7 Kf4 50. Rg8 Re6 51. Ka6 Rf6 52.
g5 Re6 53. Kb7 Kf5 54. Rc8 Kxg5 55. Rc6 Kf5 56. Kxb6 a4 57. Ka5 Ke5 58. Rc1 a3
59. b6 1-0